[Event "5th CNE NED-chW Rapid 2019"]
[Site "Amstelveen"]
[Date "2019.12.01"]
[Round "1.3"]
[White "Peng, Zhaoqin"]
[Black "Lanchava, Tea"]
[Result "1-0"]
[WhiteElo "2364"]
[BlackElo "2236"]
[Annotator "TA"]
[PlyCount "125"]
[EventDate "2019.11.30"]
[EventType "tourn"]
[EventCountry "NED"]
[SourceTitle "playchess.com"]
[Source "ChessBase"]
[SourceQuality "1"]

{[%evp 13,125,39,29,11,20,34,41,25,54,54,120,70,282,52,273,162,161,136,158,167,170,135,168,73,85,81,84,66,122,122,126,58,87,43,41,24,33,30,22,31,83,80,75,3,0,0,12,-79,35,-14,52,45,42,68,60,25,24,16,28,15,17,0,0,1,15,14,124,93,125,121,330,83,440,437,337,166,173,166,159,153,493,465,899,894,1112,1065,1081,650,1236,1179,1711,1625,1539,1204,1426,1395,29981,29982,29982,29977,29984,29985,29985,29986,29986,29987,29987,29987,29991,29992,29993,29990,29992,29990]} 1. e4 g6 2. d4 Bg7 3. c4 d6 4. Nc3 Nd7 5. f4 e5 6. fxe5 dxe5 7. d5 Ngf6 8. Be3 {A42: Modern Defence: Averbakh Variation} O-O 9. Be2 Qe7 10. Nh3 {White is slightly better.} Nc5 (10... Ne8 11. g4 Qh4+ 12. Nf2 f5 13. gxf5 gxf5 14. exf5 Nd6 {½-½ (46) Aditya,M (2429)-Vantika,A (2287) Abu Dhabi 2019}) 11. Nf2 Rd8 $146 (11... b6 $14) ({Predecessor:} 11... a5 12. O-O Ne8 13. Nd3 Nxd3 14. Qxd3 b6 {1-0 (37) Vezzosi,P (2312)-Nuri,K (2197) Switzerland 2009}) 12. O-O c6 $2 {[#]} (12... Ne6 $14) 13. Qc2 $2 (13. d6 $1 $18 {[%cal Rd6e7][%mdl 512]} Rxd6 14. Bxc5 Rxd1 15. Bxe7) 13... Ne8 $2 {[#]} (13... cxd5 $1 $14 14. Nxd5 (14. cxd5 b6 $16) 14... Nxd5 15. cxd5 b6) 14. b4 (14. d6 $142 $1 {[%mdl 512]} Nxd6 (14... Rxd6 15. Bxc5) 15. Bxc5) 14... Na6 $18 15. a3 f5 16. c5 f4 17. Bc1 Nf6 {[%cal Rc6d5]} 18. dxc6 (18. d6 $18 {is more deadly.} Qe8 19. Bb2) 18... bxc6 $16 19. Qa4 Nb8 {[#]} 20. Bb2 $1 g5 {[#]} ({Black should play} 20... Rd2 $14) 21. Rad1 $1 Rf8 22. b5 (22. Nb1 $16) 22... Qxc5 $14 23. Qc4+ (23. Rc1 {seems wilder.} Qb6 24. Qb3+ Kh8 25. Na4 Qc7 26. Nd3) 23... Qxc4 24. Bxc4+ Kh8 25. a4 Bd7 26. Rd6 cxb5 (26... Rc8 $14) 27. axb5 $16 Rc8 28. Be2 ({Better is} 28. Bf7 $16) 28... Be8 $1 $11 29. Ra1 {Strongly threatening b6.} Nbd7 30. Kf1 (30. Rda6 $11 {remains equal.}) 30... Bf8 (30... Nc5 $17) 31. Rda6 Bb4 (31... Bc5 $11) 32. Nd5 $14 Nxd5 33. exd5 Bc5 34. Nd3 Bb6 $1 35. Nxe5 Nxe5 36. Bxe5+ Kg8 37. R6a2 Bf7 38. Rd2 Be3 39. Rdd1 {With the idea d6.} Re8 (39... Rc2 $11 40. Bd4 Bxd4 41. Rxd4 Rd8) 40. Bf6 h6 41. d6 {Black must now prevent d7.} Bb6 $2 (41... Re6 $16 {is a better defense.} 42. d7 Rxf6 43. d8=Q+ Rxd8 44. Rxd8+ Kg7) 42. Bd4 $2 (42. d7 $18 Rxe2 {[%mdl 64] Remove Defender} 43. Kxe2 Bh5+ 44. Kf1 Bxd1 45. Rxd1) 42... Rxe2 $4 {[%mdl 8192]} (42... Rad8 $16) 43. Kxe2 $18 Bh5+ 44. Kd3 (44. Kf2 $142 {aiming for Bxb6.} Rd8 45. Bxb6 axb6 46. Rdc1) 44... Bxd1 45. Rxd1 {[%mdl 4096] Endgame Hoping for Ke4. KRB-KRB} Kf7 46. Re1 Bd8 $2 (46... Re8 $16 {is a better chance.} 47. Rxe8 Kxe8) 47. Kc4 h5 (47... a6 $142 48. b6 Rb8) 48. Kd5 g4 49. Ra1 Rb8 50. Kc6 Ke6 {intending ...Rc8+.} 51. Re1+ Kf5 52. Bxa7 Rc8+ 53. Kd7 Ra8 54. b6 Bh4 55. Re8 {White mates.} f3 56. gxf3 gxf3 57. Rxa8 f2 58. Rf8+ Bf6 59. b7 f1=Q 60. b8=Q Qc4 61. Qb1+ Kg5 62. Qg1+ Kf5 63. Qc5+ {Accuracy: White = 47%, Black = 29%.} 1-0

[Event "5th CNE NED-chW Rapid 2019"]
[Site "Amstelveen"]
[Date "2019.12.01"]
[Round "4.2"]
[White "Haast, Anne"]
[Black "Peng, Zhaoqin"]
[Result "1/2-1/2"]
[WhiteElo "2288"]
[BlackElo "2364"]
[Annotator "TA"]
[PlyCount "110"]
[EventDate "2019.11.30"]
[EventType "tourn"]
[EventCountry "NED"]
[SourceTitle "playchess.com"]
[Source "ChessBase"]
[SourceQuality "1"]

{[%evp 12,110,31,34,40,0,18,0,0,-23,-26,-32,6,4,4,0,0,-11,-11,-17,10,0,79,34,90,36,88,14,102,33,91,22,20,19,24,31,64,70,60,60,54,46,43,41,59,73,116,122,147,158,150,156,164,95,108,95,95,96,110,0,116,-23,-20,-23,-23,-26,-26,-79,-31,-25,-11,-56,-59,-68,-38,-49,-54,-64,-52,-82,-38,-38,0,-25,0,0,0,0,0,0,0,0,0,0,0,0,0,-245,0,0,0]} 1. e4 c6 2. Nc3 d5 3. Nf3 Bg4 4. h3 Bxf3 5. Qxf3 Nf6 6. d3 e6 7. Qg3 (7. a3 Qa5 8. Bd2 Qb6 9. Ra2 Nbd7 10. g3 Be7 11. Bg2 O-O 12. O-O a5 13. Kh2 a4 14. Qe2 dxe4 15. dxe4 {1-0 (68) McShane,L (2682)-Yuffa,D (2577) Khanty-Mansiysk 2019}) 7... h5 {B11: Caro-Kann: Two Knights Variation} 8. h4 Nbd7 9. Bd2 $146 ({Predecessor:} 9. Bg5 Qa5 10. Bd2 Qb6 11. Be2 d4 12. Nd1 c5 13. O-O Bd6 14. f4 e5 {1-0 (32) Congiu,M (1905)-Betton,O (2108) Paris 2003}) 9... Bc5 10. O-O-O Ng4 11. Be1 $1 Qb8 12. Qxb8+ $1 Rxb8 13. d4 Bb4 14. Bd3 Bxc3 15. bxc3 b5 16. Kd2 Rb6 (16... Ngf6 $11) 17. a4 O-O {[#]} (17... dxe4 $14 18. Bxe4 Ngf6) 18. f3 ({White should play} 18. exd5 $1 $16 exd5 19. f3) 18... Ngf6 (18... dxe4 $14 19. Bxe4 Ngf6) 19. Bg3 (19. exd5 $16 exd5 20. Bg3) 19... Rc8 (19... dxe4 $11 20. fxe4 e5) 20. Ra1 (20. exd5 $16 exd5 21. Rhe1) 20... a6 ({Better is} 20... dxe4 $14 21. fxe4 c5) 21. Rhb1 ({White should try} 21. e5 $16 Ne8 22. Bf2) 21... dxe4 $11 22. fxe4 e5 23. Bf2 {Strongly threatening dxe5.} Rbb8 24. axb5 axb5 25. Ra7 $36 {[%mdl 2048] White is more active.} Rd8 26. Ke2 Re8 27. Kf3 Nb6 28. Rc7 Re6 {[#]} 29. c4 $1 {[%mdl 512]} exd4 (29... bxc4 30. Bxc4) 30. cxb5 cxb5 31. Rxb5 Rd8 32. Rb4 (32. Rb7 $18 Nc8 33. Rb8) 32... Ng4 33. Bxd4 Nd7 34. Kg3 Nde5 {[#]} 35. Be2 (35. Bb5 $1 $16) 35... Rg6 (35... Nc6 $11 {remains equal.} 36. Bxg4 hxg4 37. Rxc6 Rxc6) 36. Kh3 (36. Ra4 $16) 36... Nc6 37. Rxc6 $1 Rxc6 38. c3 Re6 39. Bf3 (39. Rb5 $11) 39... g6 40. Rb5 Rde8 41. Kg3 Ne5 42. Kf4 {[%cal Rd4e5]} Nc6 43. e5 Rd8 44. Bd5 Nxd4 45. cxd4 $15 {[%mdl 4096] Endgame KRR-KRB} Re7 46. Ke4 Kg7 47. Bb3 f6 48. e6 {Rb6 is the strong threat.} Rc7 49. Rb6 {Hoping for d5.} Kf8 $1 50. d5 Ke7 51. Kf4 Rc3 52. Rb7+ Kd6 53. g4 hxg4 {And now ...g3 would win.} 54. Kxg4 $2 (54. Rb6+ $1 $11 {and White has nothing to worry.} Kc7 55. e7) 54... Re3 $2 (54... Ke5 $19 {( -> ...Rh8)} 55. d6 Rh8 56. Rb5+ Kxd6) 55. Kf4 $11 Re5 {Accuracy: White = 40%, Black = 32%.} 1/2-1/2

[Event "5th CNE NED-chW Rapid 2019"]
[Site "Amstelveen"]
[Date "2019.12.01"]
[Round "5.4"]
[White "Peng, Zhaoqin"]
[Black "Keetman, Maaike"]
[Result "1-0"]
[WhiteElo "2364"]
[BlackElo "2203"]
[Annotator "TA"]
[PlyCount "143"]
[EventDate "2019.11.30"]
[EventType "tourn"]
[EventCountry "NED"]
[SourceTitle "playchess.com"]
[Source "ChessBase"]
[SourceQuality "1"]

{[%evp 15,143,0,0,0,0,0,11,11,35,-14,59,0,15,0,0,7,7,0,13,0,78,71,81,71,195,188,181,176,231,266,262,250,255,171,211,46,55,65,73,79,90,59,121,32,49,45,45,45,45,30,26,10,27,27,22,22,22,22,25,17,20,15,45,40,38,10,34,10,45,45,45,45,45,45,74,74,74,45,45,45,38,10,10,10,10,10,94,50,50,50,50,50,50,50,50,51,300,294,293,293,285,285,286,286,589,578,756,755,607,468,535,340,731,691,937,943,5189,970,1497,1443,1576,1528,29979,5455,29986,29987,29987,29988,29988,29987]} 1. d4 Nf6 2. Nf3 e6 3. e3 d5 4. Bd3 c5 5. c3 Nc6 6. Nbd2 Be7 7. O-O O-O 8. dxc5 Bxc5 9. b4 {D05: Colle System with ...e6} Bd6 (9... Be7 10. Bb2 a6 11. a4 Bd7 12. e4 Qc7 13. Re1 dxe4 14. Nxe4 Nxe4 15. Bxe4 Bf6 16. Qb1 h6 {0-1 (48) Edouard,R (2658)-Huschenbeth,N (2594) Skopje 2019}) 10. a3 Qc7 11. Bb2 {The position is equal.} a5 {[%cal Ra5b4]} 12. Qc2 $146 (12. b5 $5 {[%cal Rb5c6]}) ({Predecessor:} 12. Rc1 Nd7 13. c4 Nde5 14. Bxe5 Nxe5 15. cxd5 Nxf3+ 16. Qxf3 {½-½ (44) Kovacevic,V (2445)-Dizdar,G (2525) Tucepi 1996}) 12... h6 (12... e5 $11 13. e4 dxe4 14. Bxe4 (14. Nxe4 Nxe4 15. Bxe4 f5 $11) 14... Nxe4 15. Nxe4 Be7) 13. h3 (13. b5 $1 $14 Ne5 14. Nxe5 Bxe5 15. Nf3) 13... b6 (13... e5 $5 {[%cal Re5e4]} 14. e4 dxe4 15. Nxe4 Nxe4 16. Bxe4 Be6 $11) 14. b5 Ne5 15. Nxe5 Bxe5 16. Nf3 {[%cal Bd2f3,Bf3d4,Bd4c6][%mdl 32]} Bd6 17. c4 Qe7 (17... Bb7 $11) 18. Nd4 $36 {[%mdl 2048] White is really pushing.} Bb7 19. Nc6 Qc7 (19... Bxc6 $16 {was called for.} 20. bxc6 dxc4 21. Qxc4 Rfd8) 20. Bxf6 $1 $18 gxf6 21. cxd5 exd5 (21... Bxc6 $142 22. dxc6 Bc5) 22. Qe2 {Qg4+ would kill now.} Rfe8 23. Qg4+ Kf8 24. Rfc1 {Black must now prevent Nd4.} Bc5 25. Qh5 $2 (25. Nd4 $18) 25... Bxc6 $14 26. bxc6 Qxc6 27. Qxh6+ Ke7 28. Qf4 Rg8 ({Black should play} 28... Qd6 $14) 29. Be2 (29. Bf5 $16) 29... Qd6 30. Qxd6+ Kxd6 31. Rd1 Ke5 32. Bf3 Rad8 33. a4 d4 34. exd4+ Rxd4 35. Rxd4 Bxd4 $11 {[%mdl 4096] Endgame KRB-KRB} 36. Re1+ Kd6 37. Rd1 Ke5 38. h4 Rh8 39. h5 f5 40. Rc1 Bc5 41. Kf1 Kf4 42. Rd1 Kg5 43. Rd7 Kf6 44. g3 Rg8 45. Bd5 Rg7 46. Ke2 Rh7 47. Bf3 Rh8 48. Rc7 Re8+ 49. Kf1 Rd8 50. Be2 Kg7 (50... Rd4 $11 {remains equal.}) 51. f4 Rd4 52. Bb5 Kh6 53. Rxf7 {Strongly threatening Bd7.} Kxh5 54. Rxf5+ Kg4 $1 {[%cal Rg4f5]} 55. Rg5+ Kf3 $2 (55... Kh3 $14) 56. Bc6+ $18 Ke3 57. Re5+ Kd2 58. Kg2 Bd6 59. Re6 Rd3 $2 (59... Bxf4 60. gxf4 Rxf4) 60. Bb5 Rd4 61. Kf3 Kc3 62. Re3+ Kd2 63. Re4 Rd5 $2 (63... Rb4 64. Re2+ Kc3) 64. g4 Kc3 65. f5 Be5 {[#]} 66. g5 (66. Rxe5 $142 $1 {[%mdl 512]} Rxe5 67. f6) 66... Bd4 67. Kg4 Rd8 68. f6 Rf8 {[#]} 69. Kf5 (69. Rxd4 $142 $1 {[%mdl 512]} Kxd4 70. Kf5 Rd8 71. f7 Rd5+ 72. Kg4 Rd8 73. g6 Kc3 74. g7 Rd4+ 75. Kf3) 69... Rf7 {[#]} 70. Rxd4 $1 {[%mdl 512] White mates.} Kxd4 71. g6 Rc7 72. g7 {Accuracy: White = 61%, Black = 27%.} 1-0